Govt. of
Madhya Pradesh

Corridor of Books ; Memories , Ideas and Reflectins (Record no. 63580)

MARC details
000 -LEADER
fixed length control field 00274nam a22001097a 4500
082 ## - DEWEY DECIMAL CLASSIFICATION NUMBER
Classification number 020
100 ## - MAIN ENTRY--AUTHOR NAME
Personal name Goswmi, P R
245 ## - TITLE STATEMENT
Title Corridor of Books ; Memories , Ideas and Reflectins
260 ## - PUBLICATION, DISTRIBUTION, ETC. (IMPRINT)
Place of publication Delhi
Name of publisher Ane books
Year of publication 2019
650 ## - SUBJECT ADDED ENTRY--TOPICAL TERM
Topical Term Library Science
942 ## - ADDED ENTRY ELEMENTS (KOHA)
Koha item type Books
Holdings
Withdrawn status Lost status Damaged status Not for loan Home library Current library Date acquired Cost, normal purchase price Full call number Accession Number Price effective from Koha item type
        MACL MACL 08/10/2020 699.00 020 CRE037550 08/10/2020 Books